|
|
|
|
| LEADER |
00966nam a2200265 4500 |
| 001 |
c000038887 |
| 003 |
CARM |
| 005 |
00000000000000.0 |
| 008 |
730503s1972 enka bs 00110 eng |
| 015 |
|
|
|a B72-21487
|
| 019 |
1 |
|
|a 540510
|5 LACONCORD2021
|
| 020 |
|
|
|a 0140806024
|
| 035 |
|
|
|a (OCoLC)632699
|5 LACONCORD2021
|
| 050 |
0 |
0 |
|a HF1411
|b .R564 1972
|
| 100 |
1 |
|
|a Robson, P.
|q (Peter),
|d 1926-
|
| 245 |
1 |
0 |
|a International economic integration: selected readings;
|c edited by P. Robson.
|
| 260 |
|
|
|a Harmondsworth,
|b Penguin,
|c 1972.
|
| 300 |
|
|
|a 458 p.
|b illus.
|c 19 cm.
|
| 490 |
0 |
|
|a Penguin modern economics readings
|
| 504 |
|
|
|a Bibliography: p. 442-449.
|
| 650 |
|
0 |
|a International economic integration.
|
| 852 |
8 |
|
|b CARM
|h A2:AE37G0
|i A00021
|p 0009184
|f BK
|
| 082 |
0 |
4 |
|a 382.1
|
| 999 |
f |
f |
|i 4914e06f-ee31-5eb1-a293-dc198bee0ca4
|s 63c83189-c02a-5d1e-8f7f-5d938437222d
|
| 952 |
f |
f |
|p Can circulate
|a CAVAL
|b CAVAL
|c CAVAL
|d CARM 1 Store
|e A00021
|f A2:AE37G0
|h Other scheme
|i book
|m 0009184
|